| 000 | 00576nam a2200205 a 4500 | ||
|---|---|---|---|
| 005 | 20240925064111.0 | ||
| 008 | 991125s1985 bar 000 0 spa u | ||
| 020 | _a8427009224 | ||
| 035 | _aUPN01000009040 | ||
| 049 | _aCG | ||
| 050 | 4 |
_aLB1140 _bJ6.28 1985 |
|
| 100 | 1 | _aJones, Molly Mason | |
| 245 | 1 | 0 |
_aCómo educar al niño de 2 a 5 años / _cMolly Mason Jones ; tr. Roser Berdagué. |
| 250 | _a4a ed. | ||
| 260 |
_aBarcelona (Esp.) : _bMartínez Roca, _c1985. |
||
| 300 | _a509 p. | ||
| 440 | 3 | _aLa educación | |
| 650 | 4 |
_aNiño, Estudio del _9221 |
|
| 905 | _aLibro | ||
| 999 |
_c9040 _d9040 |
||